000 00863nam a2200229Ii 4500
003 JO-AjNU
008 230605s9999||||xx |||||||||||||| ||und||
017 _a1988/8/468
040 _aJO-AjNU
_bara
_erda
_cJO-AjNU
041 _aara
050 1 4 _aBP173.756.M3764 1989
100 3 _aالمصري، عبد المهدي عبد الهادي,
_eauthor
_936661
245 0 0 _aالأرض الخاصة بالدولة في الإسلام: أرض الصوافي
250 _aط1
264 3 1 _aعمان: دار ام القرى للنشر والتوزيع، 1989
300 _a182ص
336 _atext
_btxt
_2rdacontent
337 _aunmediated
_bn
_2rdamedia
338 _avolume
_bnc
_2rdacarrier
490 0 _aابحاث في الاقتصاد الاسلامي
650 4 _aملكية الاراضي- فقه اسلامي- الاقتصاد الاسلامي
_936662
999 _aA15251
_c18819
_d18819